000 00615nam a2200193Ia 4500
005 20250508154824.0
008 008 250505s9999 xx 000 0 eng d
037 _aTextual
040 _aFEDL
_beng
_cFEDL
041 _aeng
_2eng
084 _a330.196 095 416, NAT
_qFEDL
245 0 _aTechno - economic survey of Nefa
245 0 _cNational Council of Applied Economic Research
260 _aNew Delhi, India
_bNational Council of Applied Economic Research
_c1967
300 _aviii,197p
650 _aEconomics
942 _cTEXL
_h330.196 095 416, NAT
999 _c1352317
_d1352317